|
|
|
|
| LEADER |
00000nam0a2200000 4500 |
| 001 |
351548 |
| 005 |
20231102010420.0 |
| 010 |
|
|
|b 310 000 экз.
|
| 035 |
|
|
|a (RuTPU)RU\TPU\retro\6645
|
| 090 |
|
|
|a 351548
|
| 100 |
|
|
|a 20190613d1958 m y0rusy50 ca
|
| 101 |
0 |
|
|a rus
|
| 102 |
|
|
|a RU
|
| 105 |
|
|
|a a z 000ay
|
| 200 |
1 |
|
|a Полное собрание сочинений
|e в 12-ти томах
|f Г. де Мопассан
|g под ред. Ю. И. Данилина
|h Т. 4
|
| 210 |
|
|
|a Москва
|c Правда
|d 1958
|
| 215 |
|
|
|a 430 с.
|c ил.
|
| 316 |
|
|
|5 63413507: 971980
|a На титульном листе владельческая подпись: "Бутаков"
|
| 317 |
|
|
|5 63413507: 971980
|a Поступила в НТБ в 1970 г. в составе книжного собрания профессора ТПИ И. Н. Бутакова
|
| 606 |
1 |
|
|a Зарубежная литература
|2 stltpush
|3 (RuTPU)RU\TPU\subj\11363
|9 38310
|
| 610 |
1 |
|
|a библиотека И. Н. Бутакова
|
| 610 |
1 |
|
|a 19 век
|
| 610 |
1 |
|
|a сочинения
|
| 610 |
1 |
|
|a произведения
|
| 610 |
1 |
|
|a проза
|
| 610 |
1 |
|
|a натурализм
|
| 610 |
1 |
|
|a французская литература
|
| 610 |
1 |
|
|a новеллы
|
| 675 |
|
|
|a 89
|v 3
|
| 700 |
|
1 |
|a Мопассан
|b Г. де
|c французский писатель
|f 1850-1893
|g Ги де
|2 stltpush
|3 (RuTPU)RU\TPU\pers\15888
|9 5543
|
| 702 |
|
1 |
|a Данилин
|b Ю. И.
|4 340
|
| 801 |
|
0 |
|a RU
|b 63413507
|c 20011209
|g PSBO
|
| 801 |
|
2 |
|a RU
|b 63413507
|c 20191001
|g PSBO
|
| 942 |
|
|
|c BK
|